Southern Hemisphere Countries - Sudden Death - Statistics

General Stats
  • This quiz has been taken 10,098 times
  • The average score is 9 of 29
Answers on the Grid
Answers color-coded by a green-red scale on the quiz's grid according to % correct below.
Angola
Argentina
Bolivia
Botswana
Brazil
Burundi
Central African Republic
Chile
Colombia
Comoros
East Timor
Ecuador
Equatorial Guinea
Eswatini
Fiji
Gabon
Guyana
Indonesia
Kenya
Kiribati
Lesotho
Madagascar
Malawi
Malaysia
Maldives
Mauritius
Mozambique
Namibia
Nauru
New Zealand
Panama
Papua New Guinea
Paraguay
Peru
Rwanda
São Tomé and Príncipe
Seychelles
Solomon Islands
Somalia
South Africa
Tanzania
Uganda
Uruguay
Zambia
Zimbabwe
 
Answer Stats
Answer % Correct
Argentina
77%
Angola
60%
Botswana
54%
Bolivia
46%
Chile
43%
South Africa
41%
New Zealand
37%
Zimbabwe
37%
Fiji
35%
Uruguay
35%
Zambia
34%
Eswatini
32%
East Timor
30%
Lesotho
30%
Madagascar
30%
Comoros
27%
Mozambique
25%
Namibia
25%
Mauritius
23%
Burundi
22%
Malawi
22%
Paraguay
22%
Tanzania
21%
Papua New Guinea
18%
Solomon Islands
18%
Nauru
16%
Seychelles
14%
Rwanda
13%
Peru
11%
No matching quizzes found
Score Distribution
Percent of People with Each Score
Percentile by Number Answered
Your Score History
You have not taken this quiz